00000000nam##2200000za#4500
0019.603744
003CaOODSP
00520210624211226
007cr |||||||||||
008150406|2004||||xxc|||||o    f|0| 0 fre|d
040 |aCaOODSP|bfre
043 |an-cn---
0861 |aT41-1/13F-PDF
1101 |aCanada. |bTransports Canada.
24510|aProgramme de rabais en transport en commun accordé aux employés |h[ressource électronique]
260 |aOttawa - Ontario : |bTransports Canada |cJuillet 2004.
300 |a4p.|bfigure, photographies
4901 |aÉtudes de cas sur les transports durables |vÉtude de cas nº 13
500 |aEn tête du titre : Progamme de démonstration en transport urbain. «Région de York, Ontario».
590 |a12-20-Supp|b2012-05-09
77508|tEmployee transit discount program |w(CaOODSP)9.573644
830#0|aÉtudes de cas sur les transports durables ;|vÉtude de cas nº 13|w(CaOODSP)9.503247
85640|ahttp://publications.gc.ca|qPDF|s225 Ko|uhttps://publications.gc.ca/collections/collection_2012/tc/T41-1-13-fra.pdf|yÉtude de cas nº 13
986 |aTP14258F